Normal view
MARC view
- Hernández Nieves, Sergio
Entry Nombre Personal
001 - NUMERO DE CONTROL
- campo de control: 28759
003 - IDENTIFICADOR DE NUMERO DE CONTROL
- campo de control: MX-MxUPN
005 - FECHA Y HORA DE LA ÜLTIMA TRANSACCIÓN
- campo de control: 20220428122500.0
008 - DATOS DE LONGITUD FIJA
- campo de control de longitud fija: 220428na|acannaabn a aaa |d
035 ## - NUMERO DE CONTROL
- Número de control: UPN11000000865
040 ## - FUENTE DE CATALOGACIÓN
- Agencia original de catalogación: MX-MxUPN
- Lenguaje de catalogación: spa
- Agencia de transcripción: MX-MxUPN
100 1# - ENCABEZAMIENTO - NOMBRE PERSONAL
- Nombre personal: Hernández Nieves, Sergio
670 ## - FUENTE EN LA QUE SE LOCALIZARON DATOS
- Cita de la fuente: Los poderes de la comunicación : español, primer curso, 1994:
- Información localizada: portada (Sergio Hernández Nieves)
902 ## - CATALOGADOR
- Catalogador: DAA/ 090108
